Crisp and soft computing with hypercubical calculus : new approaches to modeling in cognitive science and technology with parity logic, fuzzy logic, and evolutionary computing

Saved in:
Bibliographic Details
Main Author: Zaus, Michael 1946-
Format: Book
Language:English
Published: Heidelberg : Physica-Verlag, c1999
Series:Studies in fuzziness and soft computing ; ; 27
Subjects:
Tags: Add Tag
No Tags, Be the first to tag this record!

MARC

LEADER 00000nam a2200000 i 4500
001 1/16021
008 010122s1999 eng d
020 |a 3-7908-1172-6 
035 |l 10065626 
040 |a GR-MY-UA  |b gre  |e aacr 
041 0 |a eng 
082 0 |a 006.3 
100 1 |a Zaus, Michael  |d 1946- 
245 1 0 |a Crisp and soft computing with hypercubical calculus :  |b new approaches to modeling in cognitive science and technology with parity logic, fuzzy logic, and evolutionary computing /  |c Michael Zaus 
260 |a Heidelberg :   |b Physica-Verlag,   |c c1999 
300 |a xviii, 423 p.;  |b ill.;  |c 24 cm. 
490 1 |a Studies in fuzziness and soft computing  |v ; 27 
500 |a With 104 figures and 33 tables 
504 |a Includes bibliographical references and index 
650 0 0 |a Soft computing. 
650 0 0 |a Calculus. 
650 0 0 |a Computer simulation. 
650 0 0 |a Evolutionary programming (Computer science) 
830 0 |a Studies in fuzziness and soft computing ;  |v ; 27 
852 |a INST  |b SYROS  |e 20010122  |h 006.3 ZAU  |p 005500001655  |q 005500001655  |t BK  |y 0 
901 |a BIBL5-2001-1 
909 |a Ε  |b 084458 
922 |a 5ΕΛΗ  |b 200012  |c ΓΡΑΦΙΚΩΝ ΤΕΧΝΩΝ  |d ΜΙΧΑΛΟΠΟΥΛΟΣ 
950 |a 183-2000-12-09 
970 |a ΚΟΝΤΟΥ  |b ΠΑΡΑΣΚΕΥΗ  |z 2001/01/31